000 00555nam a2200193Ia 4500
003 OSt
005 20220723131046.0
008 190216s9999||||xx |||||||||||||| ||und||
020 _a9780074600559
040 _coclc
082 _a005.133
_bBAL/P
100 _aBalagurusamy, E
_93962
245 0 _aProgramming In Basic /
_cE Balagurusamy
250 _a3rd Ed.
260 _bTata Mcgraw Hill Publishing Company Ltd,
_c1991.
_aNew Delhi:
300 _a317p
650 _aComputer
942 _cBK
_2ddc
_h005.133
_iBAL/P
_k005.133
_mBAL/P
999 _c8445
_d8445